000 01606nam0a2200373 4500
001 RU\NLR\BIBL_A\022767121
005 20260607091749.0
010 _a978-5-17-155681-5
_92000
021 _aRU
_bКН-П-26-007631
_9КН-П-26-0739
035 _a(NLR Aleph) 022767121
090 _a13719932
_c13719932
100 _a20260326d2026 u y0rusy50 ca
101 0 _arus
102 _aRU
105 _aac z 000yc
181 0 _ai3
_baxxe
182 0 _an
200 1 _aВиндзоры
_eсимвол британской монархии
_fАлександра Левченко
203 _aТекст
_bвизуальный
_cнепосредственный
210 _aМосква
_cАСТ
_d2026 (печ. 2025)
215 _a311, [4] с., [16] л. портр., цв. портр.
_cил., портр.
_d22
225 1 _aДинастия
300 _aВ макете загл.: Символ британской монархии
320 _aБиблиогр. в конце кн. (332 назв.)
517 1 _aСимвол британской монархии
602 _aВиндзорская (династия английских королей)
_f1901 -
_2nlr_sh1
_2nlr_sh2
_3RU\NLR\AUTH\66195335
606 1 _aКоролевская семья
_yВеликобритания
_2nlr_sh1
_2nlr_sh2
_3RU\NLR\AUTH\66319832
686 1 _aТ214(4Вл)6-1
686 1 _aТ3(4Вл)5/6-8
700 1 _aЛевченко
_bА. С.
_gАлександра С
722 _aВиндзоры (династия)
_3RU\NLR\AUTH\7721178
_4280
942 _cBOOK
980 _aNB